Counting tubes ; theory and applications /

Bibliographic Details
Main Author: Curran, Samuel Crowe
Other Authors: Craggs, J. D.
Format: Book
Language:English
Published: New York : Academic Press, 1949.
Edition:[1st ed.].
Series:Laboratory technique monograph
Subjects:

MARC

Tag First Indicator Second Indicator Subfields
LEADER 00000cam a2200000 4500
001 in00000039860
005 20151007064613.0
008 751212s1949 nyue b 00010 eng
010 |a  50002917  
035 |a (OCoLC)01895740 
035 |9 AAE0203AM 
040 |a DLC  |c FQG  |d TXA  |d UtOrBLW 
049 |a TXAM  |c 1 [217963]  |c 2 [424568] 
050 0 0 |a QC787.I6  |b C8 
082 0 |a 537.58 
092 |a 537.53  |b C976c 
100 1 |a Curran, Samuel Crowe. 
245 1 0 |a Counting tubes ;  |b theory and applications /  |c [by] S. C. Curran and J. D. Craggs. 
250 |a [1st ed.]. 
264 1 |a New York :  |b Academic Press,  |c 1949. 
300 |a xi. 235 pages :  |b diagrams ;  |c 25 cm. 
336 |a text  |b txt  |2 rdacontent 
337 |a unmediated  |b n  |2 rdamedia 
338 |a volume  |b nc  |2 rdacarrier 
490 0 |a Laboratory technique monograph 
504 |a Includes bibliographies. 
650 0 |a Ionization chambers. 
700 1 |a Craggs, J. D. 
999 |a MARS 
999 f f |s 8bb3fa9a-7756-32f2-be56-5e6cdfc0a22b  |i 3ef5081f-8b36-3d72-8eff-cfe8727b950a  |t 0 
952 f f |p ric  |a Texas A&M University  |b Rellis Campus  |c Joint Library Facility  |s JLF  |d Remote Storage  |t 0  |e QC787.I6 C8  |h Library of Congress classification  |i unmediated -- volume  |m A14800923970 
998 f f |a QC787.I6 C8  |t 0  |l Remote Storage